| 000 | 00451nam a2200181Ia 4500 | ||
|---|---|---|---|
| 005 | 20240823005343.0 | ||
| 008 | 240823s9999||||xx |||||||||||||| ||und|| | ||
| 041 | _aENGLISH | ||
| 082 | _A621.38154 N7 | ||
| 100 | _aRangan C S [etal] | ||
| 245 | 0 | _aInstrumentation devices and systems | |
| 250 | _a2nd | ||
| 260 |
_c1997 _b"TMH,New Delhi" |
||
| 500 | _aTRANSFERED | ||
| 650 |
_aInstrumentation _bInstrumentation |
||
| 942 | _cBK | ||
| 999 |
_c155477 _d155477 |
||